Roboty a manipulátory v krajinách RVHP a poznatky z výstavy Robot 84

Podrobná bibliografia
Hlavný autor: Smolen, Rastislav (Autor)
Médium: Článok
Jazyk:slovenčina
Fyzický popis:Obr. 6. Tb. 3., lit. 7 zázn. v slov.
Predmet:

MARC

LEADER 00000nab a2200000 a 4500
001 vtls000198321
003 SK-MaSNL
005 20260302204934.0
008 160204c1984 xo 0 slo
015 |a SNBRB19rr/mm-uuuuu 
035 |a CL0208434 
040 |a SNKBUCL  |b slo  |c SNKBUCL  |e AACR2 
041 0 |a slo 
044 |a xo  |c SK 
080 |a 62:007.52  |2 1981 
080 |a 007.52  |2 1981 
100 1 |a Smolen, Rastislav  |4 aut  |9 930080 
245 1 0 |a Roboty a manipulátory v krajinách RVHP a poznatky z výstavy Robot 84  |c Rastislav Smolen 
300 |b Obr. 6. Tb. 3., lit. 7 zázn. v slov. 
650 0 7 |a priemyselné roboty  |2 snkbucl  |9 31851 
650 0 7 |a manipulátory  |2 snkbucl  |9 24369 
650 0 7 |a Robot 1984, Brno  |2 snkbucl  |9 923690 
655 7 |a články z novín a časopisov  |2 snkbucl  |9 267496 
773 0 |t Drevo  |g Roč. 39, č. 10 (1984), s. 297-301 
850 |a Slovenská národná knižnica v Martine  |a MTA001 
852 |a SNK  |b KIS3GCP 
958 |a NB 
958 |a RK 
992 |a RBX 
999 |c 1475713  |d 1477643